000 00297nam a2200133Ia 4500
003 OSt
005 20240408154008.0
008 170524s9999 xx 000 0 und d
020 _a ‎ 978-8189757625
040 _ciimtu
100 _aSHARMA- SANJAY
245 0 _aCOMPUTER NETWORK
942 _2ddc
_c02
999 _c4332
_d4332